000 00325 a2200145 4500
001 48067
020 _a8504008487
040 _cAnchieta - Aquarius
240 1 0 _aCrianças
_lpor
245 1 0 _aCrianças
300 _a30
362 0 _a2005
650 4 _aOutras ( Ásia, África, Oceania, Regiões Polares etc.)
942 _cBK
999 _c48067
_d48067